000
00390nam a2200133Ia 4500
008
100328s9999 xx 000 0 und d
082
_b
19607
100
_a
इंगळे वामन
245
_a
कवच कुंडले
260
_b
रविंद्र बेहेरे
630
_a
कवच कुंडले
730
_a
कवच कुंडले
942
_c
BOOK
999
_c
513899
_d
513896